000 004720000a22001690004500
003 MACL
005 20151226170223.0
008 151226b xxu||||| |||| 00| 0 eng d
040 _aMACL
_cMACL
041 _aEnglish
082 _a403
100 _aLittle, William
_922109
245 _aThe Shorter Oxford English Dictionary on Historical principles
_bvol 1
260 _bOxford University Press
_c1959
_aBritain
650 _aDictionary
_923027
942 _cBK
_k403/LIT
_2ddc
999 _c39636
_d39636